Building Bridges VII Quiz Stats

 Plays Quiz Updated Apr 3, 2020

Support Sporcle.
Go Orange.
Score 0/37 Timer 06:00
0 Plays Today
% Correct
???
79.7%
???
75.8%
???
62.9%
???
62%
???
61.6%
???
61.4%
???
59.6%
???
57.6%
???
56%
???
54.6%
???
54.3%
???
53.4%
???
53.4%
???
52%
???
50.3%
???
50%
???
47.3%
???
45.9%
???
45.4%
% Correct
???
41.7%
???
40.4%
???
40.2%
???
39.8%
???
39.8%
???
39.6%
???
39.2%
???
38.4%
???
35.6%
???
35.6%
???
35.2%
???
34.8%
???
34.5%
???
34.2%
???
34.1%
???
34.1%
???
33.9%
???
33.9%

From the Vault

Typing Challenge: 100 Chinese New Year Words

by beforever

Holiday 3m
How will you celebrate the beginning of the Year of the Dog?
Remove Ads.
Support Sporcle.
Get the best of Sporcle when you Go Orange. This ad-free experience offers more features, more stats, and more fun while also helping to support Sporcle. Thank you for becoming a member.

Show Comments

Extras

Top Quizzes Today


Score Distribution

Your Account Isn't Verified!

In order to create a playlist on Sporcle, you need to verify the email address you used during registration. Go to your Sporcle Settings to finish the process.

Report this User

Report this user for behavior that violates our Community Guidelines.

Details: